Central Library OPAC University of Rajshahi

Communication engineering fundamentals / (Record no. 52970)

MARC details
000 -LEADER
fixed length control field 00680nam a2200229 a 4500
001 - CONTROL NUMBER
control field 52970
003 - CONTROL NUMBER IDENTIFIER
rucl marc code BD-RjUL
005 - DATE AND TIME OF LATEST TRANSACTION
control field 20211209075904.0
008 - FIXED-LENGTH DATA ELEMENTS--GENERAL INFORMATION
fixed length control field 161001s2008 bg ||||| |||| 00| 0 eng d
020 ## - INTERNATIONAL STANDARD BOOK NUMBER
International Standard Book Number 9848090403
Terms of availability : Tk. 165.00
035 ## - SYSTEM CONTROL NUMBER
System control number (BD-RjUL)53090
040 ## - CATALOGING SOURCE
Original cataloging agency BD-RjUL
Language of cataloging eng
Transcribing agency BD-RjUL
041 ## - LANGUAGE CODE
Language code of text/sound track or separate title eng
082 ## - DEWEY DECIMAL CLASSIFICATION NUMBER
Edition number 23
Classification number 621.382
Author mark and year SAC 2008
100 1# - MAIN ENTRY--PERSONAL NAME
Personal name Samad, M. Abdus
9 (RLIN) 158337
245 1# - TITLE STATEMENT
Title Communication engineering fundamentals /
Statement of responsibility, etc. M. Abdus Samad
250 ## - EDITION STATEMENT
Edition statement 1st ed.
260 ## - PUBLICATION, DISTRIBUTION, ETC. (IMPRINT)
Place of publication, distribution, etc. Dhaka :
Name of publisher, distributor, etc. University Grants Commission of Bangladesh,
Date of publication, distribution, etc. 2008.
300 ## - PHYSICAL DESCRIPTION
Pagination 322 p. :
Illustrations ill. ;
Size 23 cm
650 ## - SUBJECT ADDED ENTRY--TOPICAL TERM
Topical term or geographic name as entry element Wireless communication systems.
9 (RLIN) 117374
942 ## - ADDED ENTRY ELEMENTS (KOHA)
Source of classification or shelving scheme Dewey Decimal Classification
Koha item type Books
Holdings
Lost status Source of classification or shelving scheme Damaged status Not for loan Collection code Permanent Location Current Location Shelving location Date acquired Source of acquisition Cost, normal purchase price Total Checkouts Full call number Date last seen Copy number Koha item type
  Dewey Decimal Classification     Non-fiction Central Library, University of Rajshahi Central Library, University of Rajshahi   01/06/2008 Author 165.00   621.382 SAC 2008 01/10/2016 C-2 Books
  Dewey Decimal Classification   Not For Loan Non-fiction Central Library, University of Rajshahi Central Library, University of Rajshahi Reading Room 01/06/2008 Author 165.00   621.382 SAC 2008 15/03/2017 C-1 Books
  Dewey Decimal Classification     Non-fiction Central Library, University of Rajshahi Central Library, University of Rajshahi   01/06/2008 Author 165.00   621.382 SAC 2008 30/05/2017 C-3 Books
  Dewey Decimal Classification     Non-fiction Central Library, University of Rajshahi Central Library, University of Rajshahi   01/06/2008 Author 165.00   621.382 SAC 2008 30/05/2017 C-4 Books
  Dewey Decimal Classification     Non-fiction Central Library, University of Rajshahi Central Library, University of Rajshahi   01/06/2006 Author 165.00   621.382 SAC 2008 30/05/2017 C-5 Books